Financial Knowledge of Secondary School Graduates

Národný štandard finančnej gramotnosti schválený Ministerstvom školstva SR. Slovenská republika a Ministerstvo financií Slovenskej republiky definujú finančnú gramotnosť ako schopnosť využívať vedomosti, zručnosti a skúsenosti pre efektívne riadenie vlastných finančných zdrojov s cieľom zabezpečiť c...

Descrizione completa

Salvato in:
Dettagli Bibliografici
Autore principale: Bačová, Monika
Natura: Capitolo di libro
Lingua:inglese
Soggetti:
Tags: Aggiungi Tag
Nessun Tag, puoi essere il primo ad aggiungerne!!

MARC

LEADER 00000naa a2200000 4500
001 0250574
005 20240502074022.0
041 0 |a eng 
044 |a SK 
245 1 0 |a Financial Knowledge of Secondary School Graduates  |c Monika Bačová 
520 |a Národný štandard finančnej gramotnosti schválený Ministerstvom školstva SR. Slovenská republika a Ministerstvo financií Slovenskej republiky definujú finančnú gramotnosť ako schopnosť využívať vedomosti, zručnosti a skúsenosti pre efektívne riadenie vlastných finančných zdrojov s cieľom zabezpečiť celoživotné finančné zabezpečenie seba a členov domácnosti. 
610 2 0 |a vzdelávanie 
610 2 0 |a školy stredné 
610 2 0 |a absolventi 
610 2 0 |a gramotnosť finančná 
100 1 |a Bačová, Monika